<?xml version="1.0" encoding="UTF-8"?><?xml-stylesheet type="text/xsl" href="static/style.xsl"?><OAI-PMH xmlns="http://www.openarchives.org/OAI/2.0/" xmlns:xsi="http://www.w3.org/2001/XMLSchema-instance" xsi:schemaLocation="http://www.openarchives.org/OAI/2.0/ http://www.openarchives.org/OAI/2.0/OAI-PMH.xsd"><responseDate>2026-04-13T07:24:58Z</responseDate><request verb="GetRecord" identifier="oai:www.recercat.cat:2117/440598" metadataPrefix="marc">https://recercat.cat/oai/request</request><GetRecord><record><header><identifier>oai:recercat.cat:2117/440598</identifier><datestamp>2025-09-19T21:26:42Z</datestamp><setSpec>com_2072_1033</setSpec><setSpec>col_2072_452951</setSpec></header><metadata><record xmlns="http://www.loc.gov/MARC21/slim" xmlns:dcterms="http://purl.org/dc/terms/" xmlns:xsi="http://www.w3.org/2001/XMLSchema-instance" xmlns:doc="http://www.lyncode.com/xoai" xsi:schemaLocation="http://www.loc.gov/MARC21/slim http://www.loc.gov/standards/marcxml/schema/MARC21slim.xsd">
   <leader>00925njm 22002777a 4500</leader>
   <datafield ind2=" " ind1=" " tag="042">
      <subfield code="a">dc</subfield>
   </datafield>
   <datafield ind2=" " ind1=" " tag="720">
      <subfield code="a">Yelamos Blanxart, Marta</subfield>
      <subfield code="e">author</subfield>
   </datafield>
   <datafield ind2=" " ind1=" " tag="260">
      <subfield code="c">2025-05</subfield>
   </datafield>
   <datafield ind2=" " ind1=" " tag="520">
      <subfield code="a">Aquest treball té com a objectiu principal la comparació de diferents bases de dades utilitzades per a realitzar l’ACV de diversos productes escollits. S’ha realitzat una comparativa entre les bases Ecoinvent, ELCD, OpenLCA i Worldsteel. Per a comparar-les s’han analitzat les dades que contenen cada base per a les emissions dels següent elements: alumini, metà, arsènic i diòxid de sofre, en les categories de: emissions als oceans i llacs per a l’alumini, emissions al sòl per part de la indústria per l’arsènic i emissions d’una població densa i una diàfana per part del metà i del diòxid de sofre (tot i que d’aquest últim només s’ha analitzat les emissions de la població densa). També s’ha realitzat un anàlisi de cicle de vida de la fabricació d’una planxa d’alumini per a la fabricació de llaunes de beguda. Aquestes comparatives s’ha realitzat mitjançant OpenLCA, un programari especialitzat en ACV. També s’ha realitzat un treball d’investigació sobre la metodologia i l’evolució històrica de l’anàlisi del cicle de vida, així com de les diferents bases de dades disponibles i softwares per realitzar l’ACV de productes/processos. Per aprofundir més el la recerca de bases de dades, s’ha buscat altres treballs/articles relacionats amb aquest tema per observar la metodologia emprada i poder-la aplicar a aquest treball. Finalment, amb els resultats obtinguts, tant de l’anàlisi de les dades com de la realització d’un ACV, s’ha determinat la base de dades que proporciona dades més realistes i significatives.</subfield>
   </datafield>
   <datafield ind1="8" ind2=" " tag="024">
      <subfield code="a">http://hdl.handle.net/2117/440598</subfield>
   </datafield>
   <datafield tag="653" ind2=" " ind1=" ">
      <subfield code="a">Àrees temàtiques de la UPC::Enginyeria dels materials</subfield>
   </datafield>
   <datafield tag="653" ind2=" " ind1=" ">
      <subfield code="a">Àrees temàtiques de la UPC::Desenvolupament humà i sostenible</subfield>
   </datafield>
   <datafield tag="653" ind2=" " ind1=" ">
      <subfield code="a">Environmental impact analysis</subfield>
   </datafield>
   <datafield tag="653" ind2=" " ind1=" ">
      <subfield code="a">Aluminum industry and trade -- Environmental aspects</subfield>
   </datafield>
   <datafield tag="653" ind2=" " ind1=" ">
      <subfield code="a">Anàlisi del cicle de vida</subfield>
   </datafield>
   <datafield tag="653" ind2=" " ind1=" ">
      <subfield code="a">Medi ambient -- Bases de dades</subfield>
   </datafield>
   <datafield tag="653" ind2=" " ind1=" ">
      <subfield code="a">Medi ambient -- Anàlisi d'impacte</subfield>
   </datafield>
   <datafield tag="653" ind2=" " ind1=" ">
      <subfield code="a">Alumini -- Indústria i comerç -- Aspectes ambientals</subfield>
   </datafield>
   <datafield ind2="0" ind1="0" tag="245">
      <subfield code="a">Comparació de bases de dades d’anàlisi del cicle de vida</subfield>
   </datafield>
</record></metadata></record></GetRecord></OAI-PMH>